Statistics for Longest Border by Country #3

Click here to take the quiz!

General Stats

  • This quiz has been taken 2,976 times
  • The average score is 19 of 20

Answer Stats

Length Country Longest Border % Correct
1576 kmUkraineRussia
100%
238 kmSouth KoreaNorth Korea
99%
4677 kmMongoliaChina
99%
784 kmAustriaGermany
99%
5300 kmChileArgentina
99%
1458 kmIraqIran
98%
1458 kmYemenSaudi Arabia
97%
740 kmSwitzerlandItaly
96%
1497 kmNigerNigeria
96%
1420 kmEcuadorPeru
95%
2130 kmVietnamLaos
94%
1600 kmSomaliaEthiopia
93%
932 kmBosniaCroatia
93%
247 kmNorth MacedoniaGreece
92%
4053 kmIndiaBangladesh
92%
608 kmRomaniaBulgaria
91%
787 kmArmeniaAzerbaijan
87%
939 kmMoldovaUkraine
87%
769 kmTanzaniaKenya
87%
1000 kmBurkina FasoMali
83%

Score Distribution

Percentile by Number Answered

Percent of People with Each Score

Your Score History

You have not taken this quiz